000 00616nam a22002177a 4500
005 20160105090445.0
008 090821s2010 nyua b 001 0 eng
020 _a9780078111051
020 _a0078111056
041 0 _aeng
080 _a657
100 1 _aHurt, Robert L.
245 1 0 _aAccounting information systems :
_cRobert L. Hurt.
250 _a2nd ed.
260 _aNew York :
_bMcGraw-Hill/Irwin,
_c2010.
300 _a379 f. :
_bme il.;
_c27 cm.
505 _aIndex: f. 369 - 379
650 0 _aKontabiliteti
650 0 _aSistemet e informacionit
942 _2udc
_cBK
999 _c791
_d791